Wird geladen...
Divyasandesam (m)
| Format: | Printed Book |
|---|---|
| Veröffentlicht: |
Kottayam
Living Literature Centre
1980
|
| Schlagworte: |
| LEADER | 00414nam a2200157 4500 | ||
|---|---|---|---|
| 082 | |a 225 DIV | ||
| 100 | |||
| 245 | |a Divyasandesam (m) | ||
| 250 | |||
| 260 | |a Kottayam |b Living Literature Centre |c 1980 | ||
| 300 | |||
| 490 | |||
| 650 | |a New Testament | ||
| 942 | |c BK | ||
| 999 | |c 225388 |d 225388 | ||
| 952 | |0 0 |1 0 |4 0 |6 225_000000000000000_DIV |7 0 |9 239521 |a SDE |b SDE |d 2019-12-12 |l 0 |o 225 DIV |p SDE4703 |r 2019-12-12 |w 2019-12-12 |y BK | ||